[Event "Al-Ain Classic Open A 2013"]
[Site "Al-Ain UAE"]
[Date "2013.12.22"]
[Round "4.8"]
[White "Gupta, Abhijeet"]
[Black "Sharbaf, Mohsen"]
[Result "1/2-1/2"]
[WhiteTitle "GM"]
[BlackTitle "IM"]
[WhiteElo "2608"]
[BlackElo "2424"]
[WhiteFideId "5010608"]
[BlackFideId "12501808"]
[EventDate "2013.12.19"]

1. d4 Nf6 2. c4 e6 3. Nf3 b6 4. g3 Bb7 5. Bg2 Be7 6. O-O O-O 7. Re1 Ne4 8. Nfd2
f5 9. Nxe4 fxe4 10. Nc3 d5 11. Bf4 Bd6 12. Bxd6 Qxd6 13. Rc1 c6 14. f3 exf3 15.
exf3 Nd7 16. Qe2 Rae8 17. cxd5 exd5 18. Qxe8 Rxe8 19. Rxe8+ Kf7 20. Re2 Ba6 21.
Rd2 Qh6 22. f4 Qe6 23. Kf2 Nf6 24. h3 h5 25. Re1 Qd6 26. Kg1 h4 27. g4 Qxf4 28.
Rf2 Qg5 29. b4 Kg8 30. a4 Bc4 31. Kh2 a5 32. b5 cxb5 33. axb5 Kh7 34. Kg1 Bd3
35. Kh2 Be4 36. Bxe4+ Nxe4 37. Nxe4 dxe4 38. Rxe4 Qxb5 39. g5 Qxg5 40. Rg4 Qd5
41. Rfg2 Qd6+ 42. Kg1 Qe7 43. d5 Kh8 44. Kh1 b5 45. d6 Qxd6 46. Rxg7 b4 47. R7g5
Qd1+ 48. Kh2 Qd6+ 49. Kh1 1/2-1/2

[Event "Al-Ain Classic Open A 2013"]
[Site "Al-Ain UAE"]
[Date "2013.12.22"]
[Round "4.9"]
[White "Karavade, Eesha"]
[Black "Vovk, Andrey"]
[Result "0-1"]
[WhiteTitle "IM"]
[BlackTitle "GM"]
[WhiteElo "2380"]
[BlackElo "2599"]
[WhiteFideId "5012600"]
[BlackFideId "14114470"]
[EventDate "2013.12.19"]

1. d4 f5 2. g3 Nf6 3. Bg2 g6 4. Nf3 Bg7 5. b3 O-O 6. Bb2 d6 7. O-O Na6 8. c4 Qe8
9. Nc3 e5 10. dxe5 dxe5 11. e4 f4 12. Nd5 c6 13. Nxf6+ Bxf6 14. gxf4 Bg4 15. Qc2
exf4 16. Bxf6 Rxf6 17. Qc3 Qe7 18. Ne5 Be6 19. Bf3 Rb8 20. Rad1 Bh3 21. Rfe1 Re6
22. Ng4 h5 23. Nh6+ Kh7 24. Nf5 gxf5 25. exf5 Rxe1+ 26. Rxe1 Qg5+ 27. Kh1 Rg8 0-1

[Event "Al-Ain Classic Open A 2013"]
[Site "Al-Ain UAE"]
[Date "2013.12.22"]
[Round "4.10"]
[White "Durarbayli, Vasif"]
[Black "Anurag, Mhamal"]
[Result "1-0"]
[WhiteTitle "GM"]
[BlackTitle "IM"]
[WhiteElo "2559"]
[BlackElo "2416"]
[WhiteFideId "13402935"]
[BlackFideId "5024366"]
[EventDate "2013.12.19"]

1. e4 e5 2. Nf3 Nc6 3. Bb5 a6 4. Ba4 Nf6 5. O-O Be7 6. Re1 b5 7. Bb3 d6 8. c3
O-O 9. d4 Bg4 10. Be3 exd4 11. cxd4 Na5 12. Bc2 c5 13. Nbd2 cxd4 14. Bxd4 Nc6
15. Bc3 d5 16. h3 Bh5 17. a4 dxe4 18. Nxe4 Nb4 19. Nxf6+ Bxf6 20. Be4 Qxd1 21.
Raxd1 Rac8 22. axb5 axb5 23. Rd2 Rc4 24. Nd4 1-0

[Event "Al-Ain Classic Open A 2013"]
[Site "Al-Ain UAE"]
[Date "2013.12.22"]
[Round "4.13"]
[White "Salem, A.R. Saleh"]
[Black "Arab, Adlane"]
[Result "1-0"]
[WhiteTitle "GM"]
[BlackTitle "IM"]
[WhiteElo "2564"]
[BlackElo "2433"]
[WhiteFideId "9301348"]
[BlackFideId "7900872"]
[EventDate "2013.12.19"]

1. d4 Nf6 2. c4 e6 3. Nf3 d5 4. Nc3 Be7 5. Bg5 O-O 6. e3 h6 7. Bxf6 Bxf6 8. Rc1
c6 9. h4 Nd7 10. g4 g6 11. g5 hxg5 12. hxg5 Bg7 13. cxd5 exd5 14. Bd3 Re8 15.
Kd2 c5 16. Qg1 Nb6 17. Rh4 Nc4+ 18. Bxc4 dxc4 19. Qh2 cxd4 20. exd4 Qb6 21. b3
Be6 22. Rh1 Kf8 23. Qf4 Rad8 24. Qf6 1-0

[Event "Al-Ain Classic Open A 2013"]
[Site "Al-Ain UAE"]
[Date "2013.12.22"]
[Round "4.14"]
[White "Ghaem Maghami, Ehsan"]
[Black "Abdulov, Orkhan"]
[Result "1/2-1/2"]
[WhiteTitle "GM"]
[BlackTitle "IM"]
[WhiteElo "2560"]
[BlackElo "2356"]
[WhiteFideId "12500739"]
[BlackFideId "13402714"]
[EventDate "2013.12.19"]

1. d4 Nf6 2. c4 e5 3. dxe5 Ng4 4. Nh3 Nxe5 5. e3 d6 6. Nf4 g6 7. Nc3 Bg7 8. Be2
Nbd7 9. O-O O-O 10. Qc2 Nc5 11. b3 Re8 12. Bb2 Bf5 13. Qd2 Qg5 14. b4 Ncd3 15.
h4 Qxh4 16. Bxd3 Bxd3 17. Nxd3 Nf3+ 18. gxf3 Qg5+ 19. Kh2 Qh4+ 20. Kg1 Qg5+ 21.
Kh2 Qh4+ 22. Kg1 Qg5+ 1/2-1/2

[Event "Al-Ain Classic Open A 2013"]
[Site "Al-Ain UAE"]
[Date "2013.12.22"]
[Round "4.15"]
[White "Petrosyan, Tigran S."]
[Black "Kveinys, Aloyzas"]
[Result "0-1"]
[WhiteTitle "FM"]
[BlackTitle "GM"]
[WhiteElo "2383"]
[BlackElo "2534"]
[WhiteFideId "13303678"]
[BlackFideId "12800040"]
[EventDate "2013.12.19"]

1. e4 c5 2. Nf3 e6 3. g3 Nc6 4. Bg2 g6 5. d4 cxd4 6. Nxd4 a6 7. O-O Bg7 8. Be3
Nge7 9. Nc3 O-O 10. a4 Na5 11. b3 b6 12. Qd2 Bb7 13. Rad1 Qc7 14. Nde2 Bc6 15.
Bf4 e5 16. Bg5 f6 17. Be3 Nb7 18. f4 Nc5 19. a5 Qb7 20. axb6 Nxe4 21. Nxe4 Bxe4
22. Qxd7 0-1

[Event "Al-Ain Classic Open A 2013"]
[Site "Al-Ain UAE"]
[Date "2013.12.22"]
[Round "4.16"]
[White "Hassan, Sayed Barakat"]
[Black "Rasulov, Vugar"]
[Result "0-1"]
[WhiteTitle "IM"]
[BlackTitle "GM"]
[WhiteElo "2341"]
[BlackElo "2529"]
[WhiteFideId "10600299"]
[BlackFideId "13402390"]
[EventDate "2013.12.19"]

1. e4 c5 2. Nc3 a6 3. g3 b5 4. Bg2 Bb7 5. Nge2 Nf6 6. Nd5 Nxd5 7. exd5 d6 8. O-O
Nd7 9. d3 g6 10. c4 Bg7 11. f4 O-O 12. Nc3 Nb6 13. a4 bxa4 14. f5 e6 15. dxe6
Bd4+ 16. Kh1 Bxg2+ 17. Kxg2 fxe6 18. fxg6 Qe7 19. Bf4 e5 20. Bh6 Rxf1 21. Qxf1
hxg6 22. Qf3 Kh7 23. Be3 Rf8 24. Qe4 Qf7 25. Qh4+ Kg8 26. Qe4 a3 27. Bxd4 exd4
28. Ne2 axb2 29. Rb1 Na4 30. Qf4 Nc3 31. Nxc3 dxc3 32. Qe3 a5 0-1

[Event "Al-Ain Classic Open A 2013"]
[Site "Al-Ain UAE"]
[Date "2013.12.22"]
[Round "4.18"]
[White "Andreev, Eduard UKR"]
[Black "Elarbi, Abobker"]
[Result "1/2-1/2"]
[WhiteTitle "GM"]
[BlackTitle "FM"]
[WhiteElo "2508"]
[BlackElo "2295"]
[WhiteFideId "14103400"]
[BlackFideId "9200355"]
[EventDate "2013.12.19"]

1. e4 e6 2. d4 d5 3. Nd2 dxe4 4. Nxe4 Bd7 5. Nf3 Bc6 6. Bd3 Nd7 7. O-O Ngf6 8.
Ng3 Be7 9. Qe2 Bxf3 10. Qxf3 c6 11. Re1 O-O 12. c3 Re8 13. Ne4 Nxe4 14. Qxe4 g6
15. Bf4 Bf6 16. Bc4 Bg5 17. Bg3 Nf6 18. Qf3 Nd5 19. Be5 Be7 20. Bb3 Bd6 21. c4
Nc7 22. Rad1 Bxe5 23. dxe5 Qe7 24. Qe3 Red8 25. Rxd8+ Rxd8 26. Qxa7 Qb4 27. Qe3
Rd3 28. Qc1 Na6 29. Bc2 Rd4 30. b3 Nc5 31. g3 Nd3 32. Bxd3 Rxd3 33. Rd1 Rxd1+
34. Qxd1 Qc3 35. Qe2 Kg7 36. Kg2 h6 37. h4 h5 1/2-1/2

[Event "Al-Ain Classic Open A 2013"]
[Site "Al-Ain UAE"]
[Date "2013.12.22"]
[Round "4.19"]
[White "Safranska, Anda"]
[Black "Golizadeh, Asghar"]
[Result "0-1"]
[WhiteTitle "WGM"]
[BlackTitle "GM"]
[WhiteElo "2291"]
[BlackElo "2500"]
[WhiteFideId "11600209"]
[BlackFideId "12505269"]
[EventDate "2013.12.19"]

1. e4 c5 2. d3 Nc6 3. g3 g6 4. Bg2 Bg7 5. f4 d6 6. c3 Nf6 7. Nf3 O-O 8. O-O Rb8
9. a4 a6 10. Qe2 b5 11. axb5 axb5 12. e5 Nd5 13. d4 cxd4 14. cxd4 Qb6 15. Qf2
Bb7 16. Nc3 Ncb4 17. Nxd5 Bxd5 18. Be3 Rbc8 19. Rfd1 Nc2 20. Rac1 Nxe3 21. Qxe3
Qb7 22. Ne1 e6 23. Bxd5 Qxd5 24. Nf3 Rfd8 25. Rf1 h6 26. h4 Bf8 27. Kh2 Rc4 28.
Rxc4 bxc4 29. Rf2 Rb8 30. g4 Rb3 31. Qe2 Be7 32. Kg3 Qxd4 0-1

[Event "Al-Ain Classic Open A 2013"]
[Site "Al-Ain UAE"]
[Date "2013.12.22"]
[Round "4.20"]
[White "Thakur, Akash"]
[Black "Rzayev, Bahruz"]
[Result "0-1"]
[WhiteTitle "FM"]
[BlackTitle "IM"]
[WhiteElo "2283"]
[BlackElo "2465"]
[WhiteFideId "5008514"]
[BlackFideId "13403036"]
[EventDate "2013.12.19"]

1. e4 e5 2. Nf3 Nc6 3. d4 exd4 4. Nxd4 Bc5 5. Nb3 Bb6 6. Nc3 Nge7 7. Qe2 O-O 8.
Be3 f5 9. f4 fxe4 10. O-O-O d5 11. Bxb6 axb6 12. g3 Be6 13. Nxe4 Qd7 14. Ng5 Bg4
15. Qd3 Bf5 16. Qe3 h6 17. Nf3 Rxa2 18. g4 Bxg4 19. Bd3 Qe6 20. Qxe6+ Bxe6 21.
Rde1 Bf5 22. Ne5 Ra4 23. Rhf1 Bxd3 24. Nxd3 Ng6 25. Ne5 Ncxe5 0-1

[Event "Al-Ain Classic Open A 2013"]
[Site "Al-Ain UAE"]
[Date "2013.12.22"]
[Round "4.21"]
[White "Pourramezanali, Amirreza"]
[Black "Ameir, Moheb"]
[Result "1-0"]
[WhiteTitle "FM"]
[BlackTitle "IM"]
[WhiteElo "2458"]
[BlackElo "2287"]
[WhiteFideId "12511412"]
[BlackFideId "10600620"]
[EventDate "2013.12.19"]

1. e4 c5 2. Nf3 Nc6 3. c3 d5 4. exd5 Qxd5 5. d4 Bg4 6. dxc5 Qxd1+ 7. Kxd1 e5 8.
b4 O-O-O+ 9. Kc2 f6 10. Nbd2 Bf5+ 11. Kb2 Nge7 12. Nc4 Nd5 13. Ne3 Nxe3 14. Bxe3
Ne7 15. Bc4 Nd5 16. Rad1 Nxe3 17. Rxd8+ Kxd8 18. fxe3 Kc7 19. Bd5 Be7 20. e4 Bg4
21. Nd2 Rd8 22. Nc4 Bc8 23. Kc2 Bf8 24. Rd1 Bd7 25. Ne3 Bc8 26. a4 Bd7 27. Kb3
a6 28. Bc4 Bc8 29. Rxd8 Kxd8 30. Nd5 f5 31. exf5 Bxf5 32. c6 1-0

[Event "Al-Ain Classic Open A 2013"]
[Site "Al-Ain UAE"]
[Date "2013.12.22"]
[Round "4.22"]
[White "Pashikian, Arman"]
[Black "Sosovicka, Juraj"]
[Result "1-0"]
[WhiteTitle "GM"]
[WhiteElo "2617"]
[BlackElo "2188"]
[WhiteFideId "13301578"]
[BlackFideId "14911418"]
[EventDate "2013.12.19"]

1. d4 d5 2. c4 c6 3. Nc3 Nf6 4. cxd5 cxd5 5. Bf4 Nc6 6. e3 e6 7. Bd3 Bd6 8. Bxd6
Qxd6 9. f4 O-O 10. Nf3 g6 11. Qd2 Bd7 12. O-O Qe7 13. Rac1 Ne8 14. g4 f5 15. g5
Nd6 16. h4 Ne4 17. Qh2 Be8 18. a3 Bf7 19. Bb5 Rfc8 20. Bxc6 Rxc6 21. Nxe4 dxe4
22. Rxc6 bxc6 23. Ne5 Be8 24. Rc1 Rc8 25. Rc5 Qb7 26. b4 Qa6 27. Ra5 Qb7 28. Qa2
Bd7 29. Qc4 Rd8 30. Qc5 Qb6 31. Qe7 1-0

[Event "Al-Ain Classic Open A 2013"]
[Site "Al-Ain UAE"]
[Date "2013.12.22"]
[Round "4.24"]
[White "Sarwat, Walaa"]
[Black "Shyam, Sundar M."]
[Result "0-1"]
[WhiteTitle "IM"]
[BlackTitle "GM"]
[WhiteElo "2315"]
[BlackElo "2534"]
[WhiteFideId "10600256"]
[BlackFideId "5019141"]
[EventDate "2013.12.19"]

1. e4 e6 2. d4 d5 3. Nc3 Bb4 4. Ne2 Nc6 5. Be3 Nge7 6. f3 O-O 7. e5 Nf5 8. Bf2
f6 9. exf6 Rxf6 10. Qd2 Nd6 11. O-O-O Nc4 12. Qd3 b5 13. f4 Qe7 14. Re1 a5 15.
g4 Ba3 16. Nd1 Nb4 17. Qh3 Bxb2+ 18. Nxb2 Nxa2+ 19. Kb1 Qb4 20. Qb3 Nd2+ 21.
Kxa2 Nxb3 22. cxb3 a4 23. bxa4 bxa4 24. Rc1 Rb8 25. Rc2 a3 26. Nc3 axb2 0-1

[Event "Al-Ain Classic Open A 2013"]
[Site "Al-Ain UAE"]
[Date "2013.12.22"]
[Round "4.25"]
[White "Chelushkina, Irina"]
[Black "Gagare, Shardul"]
[Result "0-1"]
[WhiteTitle "WGM"]
[BlackTitle "IM"]
[WhiteElo "2276"]
[BlackElo "2442"]
[WhiteFideId "928615"]
[BlackFideId "5037883"]
[EventDate "2013.12.19"]

1. g3 c5 2. Bg2 g6 3. c4 Bg7 4. Nc3 Nc6 5. d3 e5 6. e3 d6 7. Nge2 Nge7 8. a3 a5
9. Rb1 O-O 10. O-O Be6 11. Nd5 Rb8 12. Nec3 h6 13. Bd2 Kh7 14. Nb5 Qd7 15. Qb3
f5 16. f4 g5 17. fxg5 hxg5 18. Qd1 Bh6 19. Nbc7 Bg8 20. e4 Nxd5 21. Nxd5 f4 22.
Qh5 Be6 23. Nb6 Qg7 24. Kh1 Rf7 25. gxf4 exf4 26. h4 Ne5 27. hxg5 Qxg5 28. Qxg5
Bxg5 29. Nd5 Bxd5 30. cxd5 Kg6 31. Bf3 Rh8+ 32. Kg2 Rfh7 33. Kf2 0-1

[Event "Al-Ain Classic Open A 2013"]
[Site "Al-Ain UAE"]
[Date "2013.12.22"]
[Round "4.26"]
[White "Drazic, Sinisa"]
[Black "Hesham, Abdelrahman"]
[Result "1-0"]
[WhiteTitle "GM"]
[BlackTitle "IM"]
[WhiteElo "2441"]
[BlackElo "2374"]
[WhiteFideId "901172"]
[BlackFideId "10600183"]
[EventDate "2013.12.19"]

1. Nf3 Nf6 2. g3 g6 3. b3 Bg7 4. Bb2 d6 5. d4 O-O 6. Bg2 e5 7. dxe5 Ng4 8. Nc3
Nxe5 9. Nxe5 Bxe5 10. Qd2 c6 11. f4 Bg7 12. O-O-O d5 13. e4 Bg4 14. Ne2 Bxb2+
15. Kxb2 Qf6+ 16. e5 Qe7 17. h3 Bxe2 18. Qxe2 a5 19. a3 Nd7 20. h4 d4 21. g4 Nb6
22. h5 g5 23. h6 f6 24. Rh5 fxe5 25. Rxg5+ Kh8 26. Rg7 Qf6 27. fxe5 Nc4+ 28. Ka2 1-0

[Event "Al-Ain Classic Open A 2013"]
[Site "Al-Ain UAE"]
[Date "2013.12.22"]
[Round "4.27"]
[White "Guliev, Sarhan"]
[Black "Djuraev, Sokhib"]
[Result "1-0"]
[WhiteTitle "GM"]
[BlackTitle "FM"]
[WhiteElo "2430"]
[BlackElo "2355"]
[WhiteFideId "13400231"]
[BlackFideId "14201690"]
[EventDate "2013.12.19"]

1. d4 Nf6 2. c4 g6 3. Nf3 Bg7 4. Nc3 O-O 5. g3 d6 6. Bg2 Nc6 7. O-O Bf5 8. d5
Na5 9. Nd4 Bd7 10. b3 c5 11. dxc6 Nxc6 12. Bb2 Qa5 13. e3 Rac8 14. Qe2 Bg4 15.
f3 Bd7 16. Rfd1 Rfe8 17. Nxc6 Bxc6 18. Rac1 a6 19. a3 Qb6 20. b4 Bd7 21. Kf2 Be6
22. c5 dxc5 23. Na4 Qb5 24. Qxb5 axb5 25. Bxf6 bxa4 26. Bxg7 Kxg7 27. bxc5 Rc7
28. Rc3 Rec8 29. Rdc1 Bd5 30. e4 Bc6 31. Ke3 e5 32. Rd3 Bb5 33. Rd5 b6 34. Rxe5
Rxc5 35. Rexc5 bxc5 36. e5 Bd7 37. Bf1 f6 38. f4 fxe5 39. fxe5 Be6 40. Bc4 Kf7
41. Ke4 Ke7 42. Bxe6 Kxe6 43. Rc4 Rc6 44. Rc3 Rc7 45. Rc4 Rc6 46. g4 g5 47. Rc3
Rc8 48. h3 Rc7 49. Rf3 c4 50. Kd4 h6 51. Rf6+ Ke7 52. Rxh6 Rc8 53. Kc3 Rc5 54.
Rh5 Rxe5 55. Kxc4 Kf6 56. Rh6+ Kg7 57. Rd6 Re1 58. Rd3 Rb1 59. Kd4 Rb5 60. Rc3
Kg6 61. Ke4 Kf6 62. Rc6+ Kg7 63. Ra6 Rb3 64. Rxa4 Rxh3 65. Kf5 Rc3 66. Ra7+ Kh6
67. Ra6+ Kg7 68. Kxg5 1-0

[Event "Al-Ain Classic Open A 2013"]
[Site "Al-Ain UAE"]
[Date "2013.12.22"]
[Round "4.28"]
[White "Lazarev, Vladimir"]
[Black "Pourkashiyan, Atousa"]
[Result "1/2-1/2"]
[WhiteTitle "GM"]
[BlackTitle "WGM"]
[WhiteElo "2427"]
[BlackElo "2334"]
[WhiteFideId "4113250"]
[BlackFideId "12502014"]
[EventDate "2013.12.19"]

1. c4 e6 2. g3 d5 3. Bg2 Nf6 4. Nf3 Be7 5. O-O O-O 6. d4 dxc4 7. Qc2 a6 8. a4
Bd7 9. Qxc4 Bc6 10. Bf4 a5 11. Nc3 Na6 12. Ne5 Bxg2 13. Kxg2 Nd5 14. Nxd5 Qxd5+
15. Qxd5 exd5 16. Rac1 Bd6 17. Nd3 Rfd8 18. Rfd1 c6 19. Bxd6 Rxd6 20. Rc3 Nb4
21. Rb3 Nxd3 22. Rdxd3 Rd7 23. Rb6 Kf8 24. Rdb3 Ra7 25. Re3 1/2-1/2

[Event "Al-Ain Classic Open A 2013"]
[Site "Al-Ain UAE"]
[Date "2013.12.22"]
[Round "4.29"]
[White "Erdogdu, Mert"]
[Black "Gluckman, David"]
[Result "1-0"]
[WhiteTitle "IM"]
[BlackTitle "IM"]
[WhiteElo "2426"]
[BlackElo "2237"]
[WhiteFideId "6301495"]
[BlackFideId "14300010"]
[EventDate "2013.12.19"]

1. e4 e6 2. d4 d5 3. Nc3 Nf6 4. Bg5 dxe4 5. Nxe4 Be7 6. Bxf6 gxf6 7. c4 f5 8.
Nc3 Bf6 9. Nf3 c5 10. d5 e5 11. Qc2 Bg7 12. O-O-O O-O 13. Nd2 Na6 14. a3 Nc7 15.
f3 Ne8 16. Bd3 Nd6 17. Rhg1 a6 18. g4 b5 19. gxf5 Kh8 20. Be4 Qf6 21. Ne2 Bxf5
22. Ng3 Bg6 23. Kb1 Rab8 24. h4 Qxh4 25. Bxg6 fxg6 26. Nge4 Nxe4 27. Nxe4 bxc4
28. Rh1 Qf4 29. Rh3 Qe3 30. Rdh1 h5 31. Qxc4 Rxf3 32. R3h2 Rf4 33. Re2 Qxa3 34.
d6 Qb4 35. Qd5 c4 36. d7 Bf6 37. Rc1 Qe7 38. Rxc4 Rb5 39. Qd1 Rb8 40. Rd2 Rd8
41. Rd6 1-0

[Event "Al-Ain Classic Open A 2013"]
[Site "Al-Ain UAE"]
[Date "2013.12.22"]
[Round "4.31"]
[White "Khalafova, Narmin"]
[Black "Kanter, Eduard"]
[Result "0-1"]
[WhiteTitle "WFM"]
[BlackTitle "IM"]
[WhiteElo "2148"]
[BlackElo "2406"]
[WhiteFideId "13402625"]
[BlackFideId "4103963"]
[EventDate "2013.12.19"]

1. e4 c5 2. Nf3 d6 3. d4 cxd4 4. Nxd4 Nf6 5. Nc3 g6 6. Be3 Bg7 7. f3 O-O 8. Qd2
Nc6 9. Bc4 Bd7 10. h4 Ne5 11. Bb3 h5 12. O-O-O Rc8 13. Bg5 Rc5 14. Kb1 Re8 15.
Bh6 Nc4 16. Bxc4 Rxc4 17. Bxg7 Kxg7 18. g4 hxg4 19. h5 Rh8 20. h6+ Kh7 21. Qd3
Qc8 22. f4 Rc5 23. Rde1 Rd8 24. Qe3 Bc6 25. Nxc6 Qxc6 26. e5 dxe5 27. fxe5 Nd5
28. Nxd5 Qxd5 29. Rhf1 Rc4 30. e6 f6 31. b3 Rc6 0-1

[Event "Al-Ain Classic Open A 2013"]
[Site "Al-Ain UAE"]
[Date "2013.12.22"]
[Round "4.32"]
[White "Safarov, Zirva"]
[Black "Baghdasaryan, Vahe"]
[Result "0-1"]
[BlackTitle "IM"]
[WhiteElo "2120"]
[BlackElo "2395"]
[WhiteFideId "13413040"]
[BlackFideId "13303139"]
[EventDate "2013.12.19"]

1. d4 d5 2. c4 c6 3. Nf3 Nf6 4. Nc3 e6 5. cxd5 exd5 6. g3 Bd6 7. Bg2 O-O 8. O-O
Re8 9. Bg5 h6 10. Bxf6 Qxf6 11. a3 Nd7 12. e3 Nb6 13. Nd2 Bf5 14. e4 dxe4 15.
Ndxe4 Qg6 16. Nxd6 Qxd6 17. d5 cxd5 18. Nxd5 Rad8 19. Nc3 Qe5 20. Qc1 Nc4 21. a4
a5 22. Nd5 Rxd5 23. Qxc4 Rd2 24. b4 0-1

[Event "Al-Ain Classic Open A 2013"]
[Site "Al-Ain UAE"]
[Date "2013.12.22"]
[Round "4.33"]
[White "Batjantsan, Purevjal"]
[Black "Salih, Akar Ali Salih"]
[Result "0-1"]
[BlackTitle "FM"]
[WhiteElo "2092"]
[BlackElo "2313"]
[WhiteFideId "4901231"]
[BlackFideId "4800575"]
[EventDate "2013.12.19"]

1. e4 c5 2. Nf3 d6 3. d4 cxd4 4. Nxd4 Nf6 5. Nc3 a6 6. Be3 e5 7. Nb3 Be6 8. Qd2
Be7 9. O-O-O Nbd7 10. f4 Ng4 11. g3 Nxe3 12. Qxe3 Rc8 13. Kb1 b5 14. Nd5 Bxd5
15. exd5 O-O 16. Bh3 Bf6 17. Bxd7 Qxd7 18. Na5 exf4 19. Qxf4 Rc5 20. Rhe1 Be5
21. Qf3 Re8 22. Nc6 Bf6 23. Qf5 Qc8 24. Re4 h6 25. Qxc8 Rxc8 26. c3 Kf8 27. a4
h5 28. Kc2 Re8 29. Rxe8+ Kxe8 30. a5 b4 31. Nxb4 Rxa5 32. c4 Rc5 33. b3 Ra5 34.
Rb1 Ra3 35. Kd3 a5 36. Nc2 Ra2 37. h3 Kd7 38. b4 a4 39. c5 a3 40. c6+ Kc8 41. b5
Rxc2 42. Kxc2 a2 43. b6 axb1=Q+ 44. Kxb1 Bd4 45. b7+ Kc7 46. g4 hxg4 47. hxg4
Ba7 48. Kc2 Kb6 49. Kd3 Bb8 0-1

[Event "Al-Ain Classic Open A 2013"]
[Site "Al-Ain UAE"]
[Date "2013.12.22"]
[Round "4.34"]
[White "Hejazipour, Mitra"]
[Black "Andrenko, Irina"]
[Result "1-0"]
[WhiteTitle "WIM"]
[BlackTitle "WIM"]
[WhiteElo "2274"]
[BlackElo "2211"]
[WhiteFideId "12505951"]
[BlackFideId "14118270"]
[EventDate "2013.12.19"]

1. d4 Nf6 2. Nf3 g6 3. c4 Bg7 4. g3 c6 5. Bg2 O-O 6. Nc3 d5 7. cxd5 cxd5 8. Ne5
Nc6 9. Nxc6 bxc6 10. O-O e5 11. dxe5 Ng4 12. Bf4 Nxe5 13. Rc1 Bf5 14. b3 Rc8 15.
Qd2 Re8 16. Rfd1 Qe7 17. Be3 h5 18. Bd4 h4 19. Re1 h3 20. Bh1 Ng4 21. Bxg7 Kxg7
22. e4 dxe4 23. Nxe4 Rcd8 24. Qc3+ Qe5 25. Qxe5+ Rxe5 26. Ng5 Rxe1+ 27. Rxe1 Ne5
28. f4 Nd3 29. Rd1 f6 30. Ne4 Rd4 31. Nc3 c5 32. Nb5 Rd7 33. Bc6 Rd8 34. Bf3 a6
35. Nc3 Re8 36. Be2 Nb4 37. g4 Bc8 38. Kf2 Nc2 39. Bf3 Ne3 40. Re1 Nxg4+ 41.
Bxg4 Rxe1 42. Bxc8 Rc1 43. Ne2 Rc2 44. Bxa6 Rxa2 45. Bc4 g5 46. Kg3 Kg6 47. Kxh3
Kh6 1-0

[Event "Al-Ain Classic Open A 2013"]
[Site "Al-Ain UAE"]
[Date "2013.12.22"]
[Round "4.35"]
[White "Kulkarni, Bhakti"]
[Black "Mezioud, Amina"]
[Result "1-0"]
[WhiteTitle "CM"]
[BlackTitle "WIM"]
[WhiteElo "2267"]
[BlackElo "2048"]
[WhiteFideId "5019516"]
[BlackFideId "7900970"]
[EventDate "2013.12.19"]

1. d4 Nf6 2. c4 g6 3. Nc3 Bg7 4. e4 d6 5. Be2 O-O 6. Nf3 Nbd7 7. e5 dxe5 8. dxe5
Ng4 9. e6 Nde5 10. exf7+ Nxf7 11. Qxd8 Rxd8 12. Nd5 Rd7 13. O-O c6 14. Nc3 Rd8
15. h3 Nge5 16. Nxe5 Nxe5 17. Bg5 Kf7 18. Rac1 h6 19. Be3 Bf5 20. b3 Nd3 21.
Bxd3 Rxd3 22. Ne2 b6 23. Nf4 Rd7 24. g4 e5 25. gxf5 exf4 26. Bxf4 gxf5 27. c5 b5
28. Rfd1 Rad8 29. Rd6 Rxd6 30. cxd6 c5 31. Rxc5 1-0

[Event "Al-Ain Classic Open A 2013"]
[Site "Al-Ain UAE"]
[Date "2013.12.22"]
[Round "4.36"]
[White "Abdulla, Khayala"]
[Black "Kaboodi, Behrang"]
[Result "1-0"]
[WhiteTitle "WIM"]
[WhiteElo "2260"]
[BlackElo "2044"]
[WhiteFideId "13401807"]
[BlackFideId "12504955"]
[EventDate "2013.12.19"]

1. e4 e5 2. Nf3 Nc6 3. Bb5 a6 4. Ba4 Nf6 5. d3 Bc5 6. O-O d6 7. c3 O-O 8. Bg5 h6
9. Bh4 b5 10. Bb3 Rb8 11. d4 Ba7 12. dxe5 Nxe5 13. Nbd2 Ng6 14. Bg3 Qe7 15. Nd4
Bd7 16. Re1 Rfe8 17. Kh1 Qf8 18. h3 Rbd8 19. a4 b4 20. Bc4 c5 21. Nf5 Bc8 22.
Qf3 Bb7 23. Nxh6+ gxh6 24. Qxf6 Qg7 25. Qxg7+ Kxg7 26. Bd5 Bxd5 27. exd5 bxc3
28. bxc3 Ne7 29. c4 1-0

[Event "Al-Ain Classic Open A 2013"]
[Site "Al-Ain UAE"]
[Date "2013.12.22"]
[Round "4.37"]
[White "Khadzh Khamed, Naser"]
[Black "Nameer, Noor. Al-Deen"]
[Result "0-1"]
[BlackTitle "CM"]
[WhiteElo "2022"]
[BlackElo "2246"]
[WhiteFideId "14118920"]
[BlackFideId "4801890"]
[EventDate "2013.12.19"]

1. e4 c5 2. Nf3 d6 3. d4 cxd4 4. Nxd4 Nf6 5. Nc3 g6 6. Be2 Bg7 7. Be3 O-O 8. f3
Nc6 9. Qd2 Nxd4 10. Bxd4 Be6 11. O-O Qa5 12. Rfd1 Rfc8 13. Kh1 Kf8 14. a3 a6 15.
Qe3 Rc6 16. b4 Qh5 17. Bd3 Bh6 18. Qf2 Rac8 19. Ne2 Bg5 20. g3 Rxc2 21. Kg1 R2c6
22. h4 Bh6 23. g4 Bxg4 24. fxg4 Nxg4 25. Qg3 e5 26. Ba7 Kg8 27. b5 axb5 28. Bxb5
Rc2 29. Rxd6 Bf8 30. Rd5 Nf6 31. Rxe5 Nxe4 32. Rxh5 Nxg3 33. Re5 Bg7 0-1

[Event "Al-Ain Classic Open A 2013"]
[Site "Al-Ain UAE"]
[Date "2013.12.22"]
[Round "4.39"]
[White "Abtini, Hasan"]
[Black "Plotkin, Victor"]
[Result "0-1"]
[BlackTitle "FM"]
[WhiteElo "2014"]
[BlackElo "2228"]
[WhiteFideId "7601506"]
[BlackFideId "2606674"]
[EventDate "2013.12.19"]

1. d4 Nf6 2. e3 d5 3. Bd3 c5 4. c3 Nc6 5. f4 Bg4 6. Nf3 e6 7. Nbd2 Bd6 8. O-O
O-O 9. h3 Bh5 10. g4 Bg6 11. Bxg6 hxg6 12. Ne5 Rc8 13. Qf3 Nd7 14. Nxd7 Qxd7 15.
Nb3 cxd4 16. exd4 b5 17. a3 a5 18. Be3 a4 19. Nd2 Na5 20. f5 gxf5 21. gxf5 exf5
22. Qxf5 Qxf5 23. Rxf5 Rfd8 24. Raf1 Rd7 25. R5f3 Re8 26. Bf4 Re2 27. R3f2 Rxf2
28. Rxf2 Bxf4 29. Rxf4 Nc4 30. Nxc4 bxc4 31. Kg2 f6 32. h4 Kf7 33. Kg3 g6 34.
Rf2 Re7 35. Kf3 Re4 36. Rh2 Kg7 37. h5 g5 38. h6+ Kh7 39. Rh5 Rh4 40. Rxh4 gxh4
41. Kg4 Kxh6 42. Kxh4 f5 0-1